[Event "Krefeld Pfingsten op"]
[Site "Krefeld"]
[Date "2025.06.09"]
[Round "6"]
[White "Husam, Abu Sanimeh"]
[Black "Schless, Sebastian"]
[Result "1-0"]
[WhiteElo "1790"]
[BlackElo "1941"]
[PlyCount "67"]
[EventDate "2025.06.06"]
[EventType "swiss"]
[EventRounds "9"]
[EventCountry "GER"]
[SourceTitle "CB24_2025"]
[SourceDate "2025.06.11"]
[SourceVersion "1"]
[SourceVersionDate "2025.06.11"]
[SourceQuality "1"]

1. d4 Nf6 2. Nf3 g6 3. Nc3 d5 4. Bf4 c6 5. Qd2 Bg7 6. Bh6 0-0 7. h4 Nbd7 8. h5 Re8 9. hxg6 fxg6 10. Bxg7 Kxg7 11. Qh6+ Kg8 12. e4 dxe4 13. Bc4+ e6 14. Nxe4 Nf8 15. Neg5 Qe7 16. 0-0-0 Qg7 17. Qh4 b5 18. Bb3 a5 19. a3 a4 20. Ba2 b4 21. axb4 a3 22. bxa3 Rxa3 23. Kb2 Qa7 24. Ra1 Ra4 25. c3 Nd5 26. Bc4 Rxa1 27. Rxa1 Qb6 28. Kb3 Re7 29. Ne4 Ra7 30. Rxa7 Qxa7 31. Nf6+ Nxf6 32. Qxf6 Qa1 33. Bd3 Ba6 34. Ne5 1-0

[Event "Krefeld Pfingsten op"]
[Site "Krefeld"]
[Date "2025.06.08"]
[Round "4"]
[White "Husam, Abu Sanimeh"]
[Black "Wenzke, Elias"]
[Result "0-1"]
[WhiteElo "1790"]
[BlackElo "1993"]
[PlyCount "36"]
[EventDate "2025.06.06"]
[EventType "swiss"]
[EventRounds "9"]
[EventCountry "GER"]
[SourceTitle "CB24_2025"]
[SourceDate "2025.06.11"]
[SourceVersion "1"]
[SourceVersionDate "2025.06.11"]
[SourceQuality "1"]

1. Nf3 d5 2. d4 Nf6 3. g3 Bf5 4. Bg2 h6 5. c4 c6 6. b3 e6 7. 0-0 Nbd7 8. a4 a5 9. Nc3 Bb4 10. Bd2 0-0 11. Ne5 Nxe5 12. dxe5 Ng4 13. e4 dxe4 14. Bxe4 Bxc3 15. Bxf5 Bxa1 16. Qe2 exf5 17. h3 Nxe5 18. Rxa1 Qxd2 0-1